| 000 | 00743nam a2200265 a 4500 | ||
|---|---|---|---|
| 003 | AR-BaBNM | ||
| 005 | 20251128210256.0 | ||
| 008 | 082120s2002 ||||||||||||||000 | spa|| | ||
| 020 | _a84-7432-175-1 | ||
| 040 | _cAR-BaBNM | ||
| 100 | 1 | _aGilbert, Roger | |
| 245 | 0 | 0 |
_a¿Quién es bueno para enseñar? _bproblemas de la formación de los docentes |
| 250 | _a2ª ed. | ||
| 260 |
_aBarcelona _bGedisa _c1996 |
||
| 300 | _a207 p. | ||
| 490 | 0 | _aRenovación pedagógica | |
| 650 | 4 | _aFORMACION DE DOCENTES | |
| 650 | 4 | _aCARACTERISTICAS DEL DOCENTE | |
| 650 | 4 | _aEVALUACION DEL DOCENTE | |
| 650 | 4 | _aFORMACION INICIAL DE DOCENTES | |
| 650 | 4 | _aSELECCION DE DOCENTES | |
| 653 | _aCARRERA DOCENTE | ||
| 942 | _cBK | ||
| 998 | _cRaquel | ||
| 999 |
_c14740 _d14740 |
||